Wstep do informatyki

Saved in:
Bibliographic Details
Format: Book
Language:Polish
Published: Warszawa Wyd. Ekon. 1989
Edition:1. wyd.
Tags: Add Tag
No Tags, Be the first to tag this record!

MARC

LEADER 00000nam a2200000 4500
001 c033662
005 20221215130444.4
041 0 |a pol 
044 |a PL 
245 1 0 |a Wstep do informatyki  |c Red. Elzbieta Niedzelska 
250 |a 1. wyd. 
264 1 |a Warszawa  |b Wyd. Ekon.  |c 1989 
300 |a 228 s.